Ptaki stwierdzone w polsce na litere N - Statystyki

Ogólne statystyki
  • Ten quiz został rozwiązany 23 razy
  • Średni wynik to 8 z 11
Statystyki odpowiedzi
Odpowiedź % Poprawnych
nur czarnoszyi
88%
nurnik
88%
nur rdzawoszyi
88%
nurzyk
81%
nur białodzioby
75%
nurogęś
63%
nur pacyficzny
63%
nurzyk polarny
63%
nagórnik
50%
nawałnik burzowy
50%
nawałnik duży
50%
Nie znaleziono quizów pasujących do podanych kryteriów
Rozkład punktacji
Procent ludzi z każdym wynikiem
Percentyl według liczby udzielonych odpowiedzi
Twoja historia wyników
Nie rozwiązałeś tego quizu